000 00439nam a2200181Ia 4500
005 20240823005709.0
008 240823s9999||||xx |||||||||||||| ||und||
041 _aENGLISH
082 _A004.694 N8
100 _a"Richardson,Robert"
245 0 _aBuilding Yor Own High-Tech Small Office
250 _a1st
260 _c1998
_b"Comdex,Delhi"
500 _aYES
650 _aOffice
_bComputer Science
942 _cBK
999 _c156470
_d156470